<?xml version="1.0" encoding="UTF-8"?><?xml-stylesheet type="text/xsl" href="static/style.xsl"?><OAI-PMH xmlns="http://www.openarchives.org/OAI/2.0/" xmlns:xsi="http://www.w3.org/2001/XMLSchema-instance" xsi:schemaLocation="http://www.openarchives.org/OAI/2.0/ http://www.openarchives.org/OAI/2.0/OAI-PMH.xsd"><responseDate>2026-04-30T05:08:17Z</responseDate><request verb="GetRecord" identifier="oai:uvadoc.uva.es:10324/84249" metadataPrefix="marc">https://uvadoc.uva.es/oai/request</request><GetRecord><record><header><identifier>oai:uvadoc.uva.es:10324/84249</identifier><datestamp>2026-04-22T11:21:19Z</datestamp><setSpec>com_10324_1164</setSpec><setSpec>com_10324_931</setSpec><setSpec>com_10324_894</setSpec><setSpec>col_10324_1331</setSpec></header><metadata><record xmlns="http://www.loc.gov/MARC21/slim" xmlns:doc="http://www.lyncode.com/xoai" xmlns:xsi="http://www.w3.org/2001/XMLSchema-instance" xmlns:dcterms="http://purl.org/dc/terms/" xsi:schemaLocation="http://www.loc.gov/MARC21/slim http://www.loc.gov/standards/marcxml/schema/MARC21slim.xsd">
<leader>00925njm 22002777a 4500</leader>
<datafield tag="042" ind1=" " ind2=" ">
<subfield code="a">dc</subfield>
</datafield>
<datafield tag="720" ind1=" " ind2=" ">
<subfield code="a">Torremocha Hernández, Margarita</subfield>
<subfield code="e">author</subfield>
</datafield>
<datafield tag="720" ind1=" " ind2=" ">
<subfield code="a">Corada Alonso, Alberto</subfield>
<subfield code="e">author</subfield>
</datafield>
<datafield tag="260" ind1=" " ind2=" ">
<subfield code="c">2025</subfield>
</datafield>
<datafield tag="520" ind1=" " ind2=" ">
<subfield code="a">.</subfield>
</datafield>
<datafield tag="024" ind2=" " ind1="8">
<subfield code="a">BRAVO, Paloma, GAGLIARDI, Donatella (eds.), Viudas. Roles y representaciones en la España de la primera Edad Moderna, Lausanne: Peter Lang (Colección Perspectivas de la Germanística y la Literatura Comparada en España, 21), 2025, pp. 125-143</subfield>
</datafield>
<datafield tag="024" ind2=" " ind1="8">
<subfield code="a">978-3-0343-5211-6</subfield>
</datafield>
<datafield tag="024" ind2=" " ind1="8">
<subfield code="a">https://uvadoc.uva.es/handle/10324/84249</subfield>
</datafield>
<datafield tag="024" ind2=" " ind1="8">
<subfield code="a">10.3726/b22217</subfield>
</datafield>
<datafield tag="024" ind2=" " ind1="8">
<subfield code="a">125</subfield>
</datafield>
<datafield tag="024" ind2=" " ind1="8">
<subfield code="a">143</subfield>
</datafield>
<datafield tag="024" ind2=" " ind1="8">
<subfield code="a">Viudas. Roles y representaciones en la España de la primera Edad Moderna</subfield>
</datafield>
<datafield tag="245" ind1="0" ind2="0">
<subfield code="a">Cuando “las pobres viudas” litigan en los tribunales castellanos del siglo XVI</subfield>
</datafield>
</record></metadata></record></GetRecord></OAI-PMH>